Rizikové těhotenství pro ženské sestry : určeno pro cyklické a tematické kursy ústavu a terénu /

Hlavní autor: Štembera, Zdeněk, 1920-2018
Jazyk: Čeština
Vydáno: Brno : Ústav pro další vzdělávání středních zdravotnických pracovníků, 1973
Vydání: 1. vyd.
Edice: Učební texty (Ústav pro další vzdělávání středních zdravotnických pracovníků)
Témata:
Fyzický popis: 58 s. ; 4°
Knihy
Uloženo v:
LEADER 01409nam a22003252a 4500
001 000805983
003 CZ BrMZK
005 20191029063825.0
007 ta
008 060118s1973 xr er|||||||||||cze d
040 |a ABA001  |b cze  |c OSA001  |d ABA001 
072 7 |a 618  |x Gynekologie. Porodnictví  |2 Konspekt  |9 14 
072 7 |a 37.016  |x Učební osnovy. Vyučovací předměty. Učebnice  |2 Konspekt  |9 22 
080 |a 618.3-008  |2 MRF 
080 |a 616-083  |2 MRF 
080 |a (07)  |2 MRF 
100 1 |a Štembera, Zdeněk,  |d 1920-2018  |7 jk01131234  |4 aut 
245 1 0 |a Rizikové těhotenství pro ženské sestry :  |b určeno pro cyklické a tematické kursy ústavu a terénu /  |c Zdeněk Štembera 
250 |a 1. vyd. 
260 |a Brno :  |b Ústav pro další vzdělávání středních zdravotnických pracovníků,  |c 1973 
300 |a 58 s. ;  |c 4° 
490 1 |a Učební texty Ústavu pro další vzdělávání středních zdravotnických pracovníků v Brně 
504 |a Bibliografie na s. 56-58 
650 0 7 |a rizikové těhotenství  |7 ph138611  |2 czenas 
650 0 7 |a ošetřovatelská péče  |7 ph162660  |2 czenas 
655 7 |a učební texty  |7 fd133599  |2 czenas 
830 0 |a Učební texty (Ústav pro další vzdělávání středních zdravotnických pracovníků) 
910 |a BOA001  |b PK-N-0015.536 
990 |a BK 
996 6 |b BC-261531  |c PK-N-0015.536  |l MZK  |r Sklad / do 1 hodiny  |n 0  |w 000805983  |u 000010  |a 1  |e BOA001  |j MZK50  |s P